<?xml version="1.0" encoding="UTF-8"?><?xml-stylesheet type="text/xsl" href="static/style.xsl"?><OAI-PMH xmlns="http://www.openarchives.org/OAI/2.0/" xmlns:xsi="http://www.w3.org/2001/XMLSchema-instance" xsi:schemaLocation="http://www.openarchives.org/OAI/2.0/ http://www.openarchives.org/OAI/2.0/OAI-PMH.xsd"><responseDate>2026-04-14T07:47:46Z</responseDate><request verb="GetRecord" identifier="oai:www.recercat.cat:2117/445296" metadataPrefix="marc">https://recercat.cat/oai/request</request><GetRecord><record><header><identifier>oai:recercat.cat:2117/445296</identifier><datestamp>2025-11-08T03:38:27Z</datestamp><setSpec>com_2072_1033</setSpec><setSpec>col_2072_452951</setSpec></header><metadata><record xmlns="http://www.loc.gov/MARC21/slim" xmlns:dcterms="http://purl.org/dc/terms/" xmlns:xsi="http://www.w3.org/2001/XMLSchema-instance" xmlns:doc="http://www.lyncode.com/xoai" xsi:schemaLocation="http://www.loc.gov/MARC21/slim http://www.loc.gov/standards/marcxml/schema/MARC21slim.xsd">
   <leader>00925njm 22002777a 4500</leader>
   <datafield ind2=" " ind1=" " tag="042">
      <subfield code="a">dc</subfield>
   </datafield>
   <datafield ind2=" " ind1=" " tag="720">
      <subfield code="a">Altamirano Condori, Sabrina Elena</subfield>
      <subfield code="e">author</subfield>
   </datafield>
   <datafield ind2=" " ind1=" " tag="260">
      <subfield code="c">2025-05-15</subfield>
   </datafield>
   <datafield ind2=" " ind1=" " tag="520">
      <subfield code="a">Esta investigación se centra en la comparación de 13 tipos de unidades de albañilería, de las cuales tres son convencionales y diez están compuestas por materiales de ciclo cerrado, orientadas al sector de la construcción en la provincia del Cusco. El estudio se basa en el análisis del ciclo de vida (ACV), aplicado bajo el enfoque “de la cuna hasta el sitio de obra” (A1-A4), con el objetivo de comparar el impacto ambiental de las unidades de albañilería evaluadas. El análisis comparativo entre las unidades convencionales y aquellas que incorporan materiales de ciclo cerrado busca identificar las etapas del ciclo de vida que generan los mayores impactos ambientales, y promover una comprensión más profunda de los beneficios ambientales derivados de la incorporación de materiales reciclados, tales como residuos de transporte, residuos de construcción y residuos mineros. Este enfoque tiene como propósito fomentar la futura inclusión de unidades de albañilería con materiales de ciclo cerrado en el ámbito constructivo regional e impulsar el desarrollo de normativas peruanas que promuevan prácticas más sostenibles y responsables con el entorno. Mediante el uso de software especializado en Evaluación del Impacto del Ciclo de Vida y utilizando los indicadores de daño: Salud Humana, Ecosistemas y Recursos, se determinó que la etapa de producto (A1), correspondiente a la extracción de materias primas, es la principal responsable del impacto ambiental, con un 86 % del total. Le siguen la etapa de transporte a la fábrica (A2), con un 7 %; el transporte hacia la obra (A4), con un 4 % y la etapa de fabricación (A3), con una contribución menor del 3 %. Estos resultados evidencian que tanto la extracción de recursos naturales como el transporte son factores clave que inciden negativamente en el desempeño ambiental de las unidades, particularmente cuando se incrementan las distancias de traslado.</subfield>
   </datafield>
   <datafield ind2=" " ind1=" " tag="520">
      <subfield code="a">Objectius de Desenvolupament Sostenible::9 - Indústria, Innovació i Infraestructura</subfield>
   </datafield>
   <datafield ind2=" " ind1=" " tag="520">
      <subfield code="a">Objectius de Desenvolupament Sostenible::11 - Ciutats i Comunitats Sostenibles</subfield>
   </datafield>
   <datafield ind2=" " ind1=" " tag="520">
      <subfield code="a">Objectius de Desenvolupament Sostenible::12 - Producció i Consum Responsables</subfield>
   </datafield>
   <datafield ind2=" " ind1=" " tag="520">
      <subfield code="a">Objectius de Desenvolupament Sostenible::13 - Acció per al Clima</subfield>
   </datafield>
   <datafield ind1="8" ind2=" " tag="024">
      <subfield code="a">http://hdl.handle.net/2117/445296</subfield>
   </datafield>
   <datafield tag="653" ind2=" " ind1=" ">
      <subfield code="a">Àrees temàtiques de la UPC::Edificació::Construcció sostenible</subfield>
   </datafield>
   <datafield tag="653" ind2=" " ind1=" ">
      <subfield code="a">Àrees temàtiques de la UPC::Edificació::Materials de construcció::Pedra</subfield>
   </datafield>
   <datafield tag="653" ind2=" " ind1=" ">
      <subfield code="a">Product life cycle--Environmental aspects</subfield>
   </datafield>
   <datafield tag="653" ind2=" " ind1=" ">
      <subfield code="a">Building materials--Environmental aspect</subfield>
   </datafield>
   <datafield tag="653" ind2=" " ind1=" ">
      <subfield code="a">Adobe houses</subfield>
   </datafield>
   <datafield tag="653" ind2=" " ind1=" ">
      <subfield code="a">Cicle de vida del producte--Aspectes ambientals</subfield>
   </datafield>
   <datafield tag="653" ind2=" " ind1=" ">
      <subfield code="a">Materials de construcció--Aspectes ambientals</subfield>
   </datafield>
   <datafield tag="653" ind2=" " ind1=" ">
      <subfield code="a">Construccions de tova</subfield>
   </datafield>
   <datafield ind2="0" ind1="0" tag="245">
      <subfield code="a">Análisis de ciclo de vida de bloques de tierra y materiales de ciclo cerrado: evaluación del impacto ambiental</subfield>
   </datafield>
</record></metadata></record></GetRecord></OAI-PMH>